Quelle est (était) la taille de ces personnalités 2 - Statistiques

Statistiques générales
  • Ce quiz a été pris 34 fois
  • Le résultat moyen est 3 sur 20
Statistiques - réponses
Hint Réponse % Correct
Fauve Hautot 1,73 m
35%
Roger Federer 1,85 m
29%
Usain Bolt 1,96 m
29%
Alexandra Rosenfeld 1,73 m
19%
Mareva Galanter 1,78 m
19%
John Lennon 1,79 m
19%
Jeanne Moreau 1,63 m
16%
Chris Marques 1,66 m
16%
Laure Manaudou 1,80 m
13%
Jean-Pierre Coffe 1,84 m
13%
Yannick Noah 1,93 m
13%
Nathalie Péchalat 1,63 m
10%
Brian Joubert 1,79 m
10%
Pierre Tchernia 1,90 m
10%
Bud Spencer 1,93 m
10%
Stéphane Hessel 1,80 m
6%
Saddam Hussein 1,86 m
6%
Stéphane Diagana 1,86 m
3%
Roger Moore 1,87 m
3%
Philippe Etchebest 1,68 m
0%
Aucun quiz correspondant
Distribution des résultats
% des personnes avec chaque résultat
Percentile par nombre de réponses
Votre historique - résultats
Vous n’avez pas pris ce quiz